000 01412cam a22003737a 4500
003 CHAP
005 20220329142932.0
008 050316d2004 mx rs 00110 spa d
010 _a89828
011 _a90800
020 _a9701344731
035 _a101357
040 _cCHAP
090 _aFolleto 16790 2003
110 2 _aInstituto Nacional de Estadística, Geografía e Informática. México
_959304
245 1 0 _aServicios médicos en establecimientos particulares:
_bprimer semestre de 2003
_c/por Instituto Nacional de Estadística, Geografía e Informática
260 _aAguascalientes, Ags. :
_bInstituto Nacional de Estadística, Geografía e Informática,
_c2004.
300 _a38 p. :
_bgráfs.
410 2 1 _aINEGI
490 0 _aBoletín de estadísticas continuas, demográficas y sociales
590 _aBATCH-UPD
_b10
_c20130110
_lUCH01
_h0545
590 _aBATCH-UPD
_b10
_c20130410
_lUCH01
_h0226
590 _aBATCH-UPD
_b10
_c20130914
_lUCH01
_h0651
590 _aCONVERSION
_b10
_c20130109
_lUCH01
_h1350
650 1 4 _aSalud pública
_xEstadísticas.
_9101825
650 1 4 _aSalud.
_9101807
650 1 4 _aSeguridad social
_xEstadísticas.
_9103680
810 0 0 _aINEGI
_958045
830 0 0 _aBoletín de estadísticas continuas, demográficas y sociales
_913524
901 _aBK
905 _aLilia
942 _cFOLL
949 _aFolleto 16790 2003
_bBC
_cFOLL
_d33724002001470
_eTS1
_i101357
_sb
999 _c89828
_d89828